Yargı meselesi hallolundu! (Kayıt no. 1892)

MARC ayrıntıları
000 -BAŞLIK
Sabit Uzunlukta Kontrol Alanı 00900na a2200289 4500
001 - KONTROL NUMARASI
Denetim Alanı 23138
003 - KONTROL NUMARASI IDENTIFIER
Denetim Alanı MIRAKIL
005 - SON İŞLEM TARİHİ VE ZAMANI
Denetim Alanı 20181213154838.0
008 - SABİT-BOY VERİ ELEMANLARI - GENEL BİLGİLER
Sabit Uzunlukta Kontrol Alanı 170720b tu 000 0
020 ## - ULUSLARARASI STANDART KİTAP NUMARASI
Uluslararası Standart Kitap Numarası 9789756790878
040 ## - KATALOGLAMA KAYNAK
Orijinal Kataloglama Ajansı Milas
Kataloglama Dili tur
Metne Dönüştürmek Ajansı TR-AnCHP
041 ## - DİL KODU
Metin / Ses Parça Veya Ayrı Başlığın Dil Kodu tur
082 ## - DEWEY ONLU SINIFLANDIRMA NUMARASI
Sınıflandırma Numarası 324.6
Ürün Numarası E67y 2011
090 ## - SINIFLAMA NUMARASI
Sınıflama Numarası 324.6 E67y 2011
100 ## - ANA GİRİŞ - KİŞİSEL İSİM
Kişisel Ad Ertekin, Orhan Gazi
245 ## - BAŞLIK TABLOSU
Başlık Yargı meselesi hallolundu!
Başlığın Kalan yargıçların 'eşekli demokrasi' ile imtihanı
Sorumluluk Tablosu, Vb Orhan Gazi Ertekin
246 ## - UNVAN FORM VARYING
Başlık Doğru / Kısa Başlığı yargıçların 'eşekli demokrasi' ile imtihanı
250 ## - EDITION TABLOSU
Baskı Beyanı 6. bs.
260 ## - YAYIN, DAĞITIM, VB
Yayın, Dağıtım, Vb Yeri Ankara
Yayıncı, Dağıtıcı, Vs Adı Epos yayınları
Yayın, Dağıtım, Vb Tarihi 2011
300 ## - FİZİKSEL TANIM
Kapsam 210 s.
Boyutlar 19 sm.
440 ## - SERİSİ TABLOSU / KATMA GİRİŞİ - BAŞLIK
Başlık Epos yayınları
Hacim / Ardışık Tanımı 71
650 ## - KONU KATMA GİRİŞ - TOPİKAL DÖNEM
Topikal Süreli Veya Coğrafi Ad Giriş Elemanı Yargıçlar
Genel Alt Bölümü Türkiye
650 ## - KONU KATMA GİRİŞ - TOPİKAL DÖNEM
Topikal Süreli Veya Coğrafi Ad Giriş Elemanı Yargı işlemleri
Genel Alt Bölümü Türkiye
650 ## - KONU KATMA GİRİŞ - TOPİKAL DÖNEM
Topikal Süreli Veya Coğrafi Ad Giriş Elemanı Seçimler
Genel Alt Bölümü Türkiye
Kronolojik Alt Bölümü Yargı
740 ## - KATMA GİRİŞ - KONTROLSUZ İLGİLİ / ANALİTİK BAŞLIK
Kontrol Edilmeyen / İlgili Analitik Başlıktaki yargıçların 'eşekli demokrasi' ile imtihanı
942 ## - EKLENDİ GİRİŞ ELEMANLARI (KOHA)
Sınıflandırma Veya Raf Düzeni Kaynak Dewey Decimal Classification
Koha Öğesi Türü Kitaplar
999 ## - SİSTEM KONTROL NUMARALARI (KOHA)
Koha Biblionumber 1892
Koha Biblioitemnumber 1892
Mevcut
Kalıcı Konum Mevcut Konum Edinme Tarihi Edinim Kaynak Toplam Check-Out'Lar Tam Çağrı Numarası Barkod Tarih Son Görülme İtibaren Geçerli Fiyatlar Koha Öğesi Türü
CHP Kütüphanesi CHP Kütüphanesi 07/20/2017 Bağış   324.6 E67y 2011 017114 07/20/2017 07/20/2017 Kitaplar